00492pab a2200169 454500008004000000100002500040245003800065260000900103300001300112362001000125650001100135773003400146908000600180909001100186999001900197952010600216180718b2014 xxu||||| |||| 00| 0 eng d aSarkar, Swathasiddha aTribal detour in darjeeling hills c2014 ap.25-26. a9 Aug aTribes aEconomic and Political Weekly aN a104943 c104938d104938 00104070aIIPAbIIPAd2018-07-19hVolume no: 49, Issue no: 32pAR105403r2018-07-19w2018-07-19yAR